Eseje o umení

Bibliographic Details
Main Author: Ortega y Gasset, José, 1883-1955 (Author)
Format: Book
Language:Slovak
Spanish
PhysicalDescription:73 s. 19 cm
Published: Bratislava Archa 1994
ISBN:8071150762
Series:Filozofia do vrecka

MARC

LEADER 00000cam a2200000 a 4500
001 vtls001076649
003 SK-MaSNL
005 20260301000713.0
008 251029s1994 xo n 0000e slo
015 |a SNBA1994/10 
020 |a 8071150762  |q (brož.) 
035 |a SNK000019482 
040 |a SNK  |b slo  |c SNK  |e AACR2 
041 1 |a slo  |h spa 
044 |a xo  |c SK 
080 |a 111.852  |2 1981 
080 |a 14  |2 1981 
080 |a 7.01  |2 1981 
100 1 |a Ortega y Gasset, José,  |d 1883-1955  |4 aut  |9 107851 
245 1 0 |a Eseje o umení  |c José Ortega y Gasset ; [zo španielskych originálov zostavila a preložila Paulína Šišmišová] 
260 |a Bratislava  |b Archa  |c 1994 
300 |a 73 s.  |c 19 cm 
490 1 |a Filozofia do vrecka  |v zv. 10 
504 |a Bibliogr. odkazy 
830 0 |a Filozofia do vrecka  |9 278086 
852 |a Slovenská národná knižnica 
919 |a 80-7115-076-2 
954 |a umenie  |a estetika 
958 |a SK 
958 |a TL 
958 |a OP 
958 |a NB 
968 |a SLO  |b ESP 
999 |c 533293  |d 535223 
952 |t P60, <03>, [BOOK], {603}  |a SNK  |b SNK  |y PREZ  |7 0  |p 17A0225698  |o snkSD 66641  |0 0  |1 0  |4 0  |d 2000-01-31  |l 0  |r 2004-12-31 00:00:00  |w 2026-02-23 
952 |t P60, <04>, [BOOK], {604}  |a SNK  |b SNK  |y VYP  |7 0  |p 17A0102670  |o snkSD 66641 D1  |i snkKSP 9625/94  |0 0  |1 0  |4 0  |d 1997-10-20  |l 0  |r 2004-12-31 00:00:00  |w 2026-02-23